000 00353 a2200121 4500
001 ART_5533
005 20260410161616.0
008 260409a
245 1 0 _aIntroducción al análisis de estados contables
100 1 _aBancalari, Silvana
700 1 _aGarcía Fronti, Inés M.
773 0 _tEnfoques
_g- Nº 10 (oct. 2005)
_wREV416
999 _c11112
_d11112